Senate (Record no. 497928)

MARC details
000 -LEADER
fixed length control field 00747nam a2200229Ia 4500
003 - CONTROL NUMBER IDENTIFIER
control field OSt
005 - DATE AND TIME OF LATEST TRANSACTION
control field 20220925180940.0
008 - FIXED-LENGTH DATA ELEMENTS--GENERAL INFORMATION
fixed length control field 220923b |||||||| |||| 00| 0 eng d
037 ## - SOURCE OF ACQUISITION
Terms of availability General Book
040 ## - CATALOGING SOURCE
Original cataloging agency RTL
Transcribing agency RTL
Language of cataloging eng
041 ## - LANGUAGE CODE
Source of code eng
Language code of text/sound track or separate title eng
110 ## - MAIN ENTRY--CORPORATE NAME
Corporate name or jurisdiction name as entry element AUSTRALIA, SOCIAL WELFARE (Standing commiittee on--0
9 (RLIN) 252405
245 #0 - TITLE STATEMENT
Title Senate
Remainder of title Continuing oversight of the drug use problem 1976-77
260 ## - PUBLICATION, DISTRIBUTION, ETC.
Place of publication, distribution, etc. Canberra
Name of publisher, distributor, etc. Austral goverment
Date of publication, distribution, etc. 1976
300 ## - PHYSICAL DESCRIPTION
Extent vii,992p
Dimensions cm.
700 ## - ADDED ENTRY--PERSONAL NAME
Personal name AUSTRALIA, SOCIAL WELFARE (Standing commiittee on--0
9 (RLIN) 252406
942 ## - ADDED ENTRY ELEMENTS (KOHA)
Classification part Y:411.8.N77<--N76, N7
Koha item type General Books
Source of classification or shelving scheme Colon Classification (CC)
Holdings
Withdrawn status Lost status Damaged status Not for loan Home library Current library Date acquired Total Checkouts Full call number Barcode Date last seen Price effective from Koha item type
        Ratan Tata Library Ratan Tata Library 2022-09-25   Y:411.8.N77<--N76 N7 RT1404596 2022-09-25 2022-09-25 General Books
Copyright @ Delhi University Library System